PR-SOF-1673-STANDARDIZATION OF INDUSTRIAL DEVICES ON SIMATIC PLATFORM (Record no. 578098)
[ view plain ]
| 000 -LEADER | |
|---|---|
| fixed length control field | 00449nam a22001217a 4500 |
| 082 ## - DEWEY DECIMAL CLASSIFICATION NUMBER | |
| Classification number | 220 PRO |
| 100 ## - MAIN ENTRY--PERSONAL NAME | |
| Personal name | NC Usman Ali Khan NC Areeb Usman NC Saman Khan GC Mohsin Ali |
| 9 (RLIN) | 71742 |
| 245 ## - TITLE STATEMENT | |
| Title | PR-SOF-1673-STANDARDIZATION OF INDUSTRIAL DEVICES ON SIMATIC PLATFORM |
| 260 ## - PUBLICATION, DISTRIBUTION, ETC. | |
| Place of publication, distribution, etc. | ISLAMABAD |
| Name of publisher, distributor, etc. | NUST COLLEGE OF EME |
| Date of publication, distribution, etc. | 2018 |
| 650 ## - SUBJECT ADDED ENTRY--TOPICAL TERM | |
| Topical term or geographic name entry element | DE-MTS-36 |
| 9 (RLIN) | 71743 |
| 700 ## - ADDED ENTRY--PERSONAL NAME | |
| Personal name | Supervised Dr. Umar Shahbaz Khan Dr. Mohsin Tiwana Col. Nasir Rashid |
| 9 (RLIN) | 71744 |
| 942 ## - ADDED ENTRY ELEMENTS (KOHA) | |
| Koha item type | Continuing Resources |
| Withdrawn status | Lost status | Damaged status | Not for loan | Permanent Location | Current Location | Shelving location | Date acquired | Total Checkouts | Full call number | Barcode | Date last seen | Price effective from | Koha item type |
|---|---|---|---|---|---|---|---|---|---|---|---|---|---|
| College of Electrical & Mechanical Engineering (CEME) | College of Electrical & Mechanical Engineering (CEME) | Reference | 12/06/2019 | 220 PRO | PR-SOF-1673 | 06/28/2021 | 06/28/2021 | Continuing Resources |
